| 000 | 00631cam a22002171 4500 | ||
|---|---|---|---|
| 001 | ca 34000217 | ||
| 003 | DLC | ||
| 005 | 20260227111130.0 | ||
| 008 | 890510s1934 mauae 000 0 eng | ||
| 010 | _aca 34000217 | ||
| 035 | _a(OCoLC)19687339 | ||
| 040 |
_aDLC _cRPB _dDLC |
||
| 042 | _apremarc | ||
| 050 | 0 | 0 |
_aPS3525.A2777 _bP4 1934 |
| 082 | _a812.5 | ||
| 100 | 1 |
_aMcMullen, J. C. _q(Joseph Carl), _d1882- |
|
| 245 | 1 | 4 |
_aThe perfect getaway; _ba comedy in three acts, _cJ.C. McMullen ... |
| 260 |
_aBoston, _bWalter H. Baker Company _c[c1934] |
||
| 300 |
_a147 p. _billus. (plan) _c19 cm. |
||
| 440 | 0 | _aBaker's royalty plays | |
| 999 |
_c17251 _d17251 |
||